000 00870nam a2200229 a 4500
001 79088
003 BD-RjUL
005 20211229163339.0
008 211229s20192010bg ||||| |||| 00| 0 ben d
020 _a9789848004975
_c: Tk.175.00
035 _a(BD-RjUL)79088
040 _aBD-RjUL
_beng
_cBD-RjUL
041 _aben
082 _223
_a954.9205092
_bAMB 2019
100 _aআমীন, মোহাম্মদ
_9168
245 _aবঙ্গবন্ধুর বানী /
_cমোহাম্মদ আমীন
260 _aঢাকা :
_bআগামী প্রকাশনী,
_c২০১০ [মুদ্রণ ২০১৯]
300 _a৬৩ পৃ.;
_c২২ সেমি.
600 _aমুজিবুর রহমান,
_cশেখ,
_d১৯২০-১৯৭৫
_9166
600 _aMujibur Rahman,
_cSheikh,
_d1920-1975
942 _2ddc
_cBK
999 _c79088
_d79088